| 000 | 00412nam a2200145Ia 4500 | ||
|---|---|---|---|
| 008 | 211109s9999||||xx |||||||||||||| ||und|| | ||
| 082 |
_a825 _bTHO-M |
||
| 100 | _aThomas Balington, Macaulay | ||
| 245 | 0 | _aMiscellaneaus Writings and Speeches | |
| 260 |
_bNATIONAL BOOKSTALL _aKottayam _c1950 |
||
| 300 | _a784p. | ||
| 630 | _xGeneral Stack | ||
| 650 |
_aEnglish Litertaure _vEnglish Speeches _xEnglish |
||
| 942 | _cBOOK | ||
| 999 |
_c507 _d507 |
||